Gaming Quiz

Random Gaming or City Quiz

Classic W.o.W. Zones Quiz Stats

 Plays Quiz Updated Dec 23, 2018

     
Support Sporcle.
Go Orange.
Score 0/46 Timer 10:00
4 Plays Today
% Correct
The Barrens
82.4%
Un'goro Crater
75.8%
Stranglethorn Vale
74.9%
Thousand Needles
74.4%
Eastern Plaguelands
74.4%
Tanaris
74.3%
Western Plaguelands
74.1%
Durotar
71.1%
Stormwind
69.8%
Winterspring
69.3%
Ashenvale
68.5%
Westfall
68%
Ironforge
67.9%
Azshara
67.1%
Silithus
66.5%
Undercity
65.1%
Mulgore
64.8%
Wetlands
64.8%
Desolace
63%
Orgrimmar
63%
Arathi Highlands
62.7%
The Blasted Lands
62.6%
Badlands
62.4%
% Correct
Felwood
62%
Feralas
61.5%
Elwynn Forest
61.5%
Darkshore
60.9%
Teldrassil
60.9%
Darnassus
60.1%
Thunderbluff
60%
Duskwood
58.8%
Swamp of Sorrows
56.5%
Dun Morogh
56.5%
Stonetalon Mountains
55.2%
Moonglade
55%
Loch Modan
54.7%
Dustwallow Marsh
54.5%
Silverpine Forest
54.4%
Burning Steppes
54.2%
The Hinterlands
52.2%
Searing Gorge
51.3%
Tirisfal Glades
49.6%
Redridge Mountains
48.9%
Hillsbrad Foothills
47.2%
Deadwind Pass
43.3%
Alterac Mountains
38.8%

From the Vault

Harry Potter Title Minefield

by minshkins

It's the small words that'll trip you up.
Remove Ads.
Support Sporcle.
Get the best of Sporcle when you Go Orange. This ad-free experience offers more features, more stats, and more fun while also helping to support Sporcle. Thank you for becoming a member.

Show Comments

Extras

Top Quizzes Today


Score Distribution

Your Account Isn't Verified!

In order to create a playlist on Sporcle, you need to verify the email address you used during registration. Go to your Sporcle Settings to finish the process.

Report this User

Report this user for behavior that violates our Community Guidelines.

Details: